Lenguaje y comunicación 2º básico: cuadernillo de escritura para el estudiante
Sparad:
| Huvudupphovsmän: | , |
|---|---|
| Materialtyp: | Bok |
| Språk: | spanska |
| Publicerad: |
Santiago
Santillana
2003
|
| Upplaga: | 1a. ed |
| Ämnen: | |
| Taggar: |
Lägg till en tagg
Inga taggar, Lägg till första taggen!
|
MARC
| LEADER | 00000nam a2200000 a 4500 | ||
|---|---|---|---|
| 001 | UCK7873 | ||
| 003 | CL-VaPUC | ||
| 008 | 051230e20030000CL |||||||||||||||||spa|d | ||
| 020 | |a 9561508575 | ||
| 082 | 0 | 4 | |a 372.6 |b ZAM |2 21 |
| 100 | 0 | |a Zambrano Toro, Patricia |e author |9 497554 | |
| 700 | 0 | |a Thomas Danis, Minna |e author |9 497555 | |
| 245 | 1 | 0 | |a Lenguaje y comunicación 2º básico: cuadernillo de escritura para el estudiante |
| 250 | |a 1a. ed | ||
| 300 | |a 103 p | ||
| 942 | |c BK | ||
| 945 | |d 20051230 00:00:00 |a cmena | ||
| 260 | |a Santiago |b Santillana |c 2003 | ||
| 650 | 0 | |a Educación básica |9 224933 | |
| 650 | 0 | |a Educación lingüística |9 306506 | |
| 650 | 0 | |a Métodos de enseñanza |9 270413 | |
| 650 | 0 | |a Libros de texto |9 270019 | |
| 650 | 0 | |a Enseñanza de la lectura |9 308364 | |
| 650 | 0 | |a Enseñanza de la escritura |9 307377 | |
| 583 | |a last modification |c 20170816 01:10:01 |k Rodrigo Vera | ||
| 999 | |c 315711 |d 315709 | ||
| 952 | |0 0 |1 0 |4 0 |6 372_600000000000000_ZAM_2003 |7 0 |8 A |9 389337 |a BIBEDU |b BIBEDU |d 2019-11-22 |i 4195256 |o 372.6 ZAM 2003 |p 4195256 |r 2019-11-22 |w 2019-11-22 |y BK |k EBA | ||